000 00364nam a2200145Ia 4500
008 230917s9999||||xx |||||||||||||| ||und||
040 _e110100
_aMAIN
041 _aEnglish
082 _a342.5475 N164T
100 _aNarayan, Shriman
245 0 _aThose ten months: Presidents rule in Gujrat
260 _aDelhi
_bVikas
_c1973
300 _a204 p.
942 _cBK
999 _c131291
_d131291